Micah, Nahum, Habakkuk, Zephaniah, Haggai, Zechariah, Malachi / (Record no. 21375)

MARC details
000 -LEADER
fixed length control field 01028cam a2200325 a 4500
001 - CONTROL NUMBER
control field 462656
003 - CONTROL NUMBER IDENTIFIER
control field OSt
005 - DATE AND TIME OF LATEST TRANSACTION
control field 20260313121516.0
008 - FIXED-LENGTH DATA ELEMENTS--GENERAL INFORMATION
fixed length control field 831214s1984 tnu b 000 0 eng
010 ## - LIBRARY OF CONGRESS CONTROL NUMBER
LC control number 83026288
020 ## - INTERNATIONAL STANDARD BOOK NUMBER
International Standard Book Number 0805411844 :
Terms of availability $4.75
020 ## - INTERNATIONAL STANDARD BOOK NUMBER
International Standard Book Number 9780805411843
035 ## - SYSTEM CONTROL NUMBER
System control number 462656
040 ## - CATALOGING SOURCE
Original cataloging agency DLC
Transcribing agency DLC
Modifying agency DLC
050 00 - LIBRARY OF CONGRESS CALL NUMBER
Classification number BS1560
Item number .K39 1984
082 00 - DEWEY DECIMAL CLASSIFICATION NUMBER
Classification number 224/.907
Edition number 19
100 1# - MAIN ENTRY--PERSONAL NAME
Personal name Kelley, Page H.
245 10 - TITLE STATEMENT
Title Micah, Nahum, Habakkuk, Zephaniah, Haggai, Zechariah, Malachi /
Statement of responsibility, etc. Page H. Kelley.
260 ## - PUBLICATION, DISTRIBUTION, ETC. (IMPRINT)
Place of publication, distribution, etc. Nashville, Tenn. :
Name of publisher, distributor, etc. Broadman Press,
Date of publication, distribution, etc. c1984.
300 ## - PHYSICAL DESCRIPTION
Extent 165 p. ;
Dimensions 20 cm.
336 ## - CONTENT TYPE
Content type term text
Content type code txt
Source rdacontent
337 ## - MEDIA TYPE
Media type term unmediated
Media type code n
Source rdamedia
338 ## - CARRIER TYPE
Carrier type term volume
Carrier type code nc
Source rdacarrier
440 #0 - SERIES STATEMENT/ADDED ENTRY--TITLE
Title Layman's Bible book commentary ;
Volume/sequential designation v. 14
504 ## - BIBLIOGRAPHY, ETC. NOTE
Bibliography, etc Bibliography: p. 164-165.
630 00 - SUBJECT ADDED ENTRY--UNIFORM TITLE
Uniform title Bible.
Name of part/section of a work Minor Prophets
General subdivision Commentaries.
906 ## - LOCAL DATA ELEMENT F, LDF (RLIN)
a 7
b cbc
c orignew
d 1
e ocip
f 19
g y-gencatlg
942 ## - ADDED ENTRY ELEMENTS (KOHA)
Source of classification or shelving scheme Library of Congress Classification
Koha item type General Collection
Holdings
Withdrawn status Lost status Source of classification or shelving scheme Not for loan Home library Current library Shelving location Date acquired Source of acquisition Inventory number Total Checkouts Full call number Barcode Date last seen Copy number Price effective from Koha item type
    Library of Congress Classification   Kabarak, Main Campus Kabarak, Main Campus General Stacks 13/03/2026 Donation 2025/3663   BS1560 .K39 1984 C.1 38778 13/03/2026 C.1 13/03/2026 General Collection
Designed with assistance from East African Informatics Ltd